000 01234cam a22003737a 4500
003 CHAP
005 20220329142225.0
008 000228d1996 mx a r 00010 spa d
010 _a80155
011 _a81127
020 _a9686923373
035 _a91589
040 _cCHAP
090 _aFolleto 15889
100 0 0 _aWilcoxson, Roy D.
_eed.
_9121906
245 0 _aBunt and smut diseases of wheat :
_bconcepts and methods of disease management
_c/ed. by Roy D. Wilcoxsony, Eugene E. Saari
260 _aMéxico, D. F. :
_bCIMMYT,
_c1996.
300 _a66 p. :
_bilus.
590 _aBATCH-UPD
_b10
_c20130110
_lUCH01
_h0418
590 _aBATCH-UPD
_b10
_c20130110
_lUCH01
_h2352
590 _aCONVERSION
_b10
_c20130109
_lUCH01
_h1345
650 1 4 _aTilletia contraversa.
_9113314
650 1 4 _aTilletia laevis.
_9113316
650 1 4 _aTilletia tritici.
_9113317
650 1 4 _aTrigo
_xEnfermedades.
_9115017
650 1 4 _aUrocystis agropyri.
_9116969
650 1 4 _aUstilago segetum.
_9117096
700 0 _aSaari, Eugene E.
_eed.
_9101071
901 _aBK
905 _aLilia Sánchez G.
942 _cFOLL
949 _aFolleto 15889
_bBC
_cFOLL
_d915891
_eTS1
_i91589
_sb
949 _aFolleto 15889
_bBC
_cFOLL
_d915892
_eTS2
_fc.2
_i91589
_sb
999 _c80155
_d80155